000
00208nam a2200097Ia 4500
008
190216s9999||||xx |||||||||||||| ||und||
100
_a
Menon K P S
245
0
_a
Flying Troyikka
260
_b
Null
942
_c
BK
999
_c
24477
_d
24477